[Event "CFriend AP-2004-Q-00023 email"]
[Site "Chessfriend.com"]
[Date "2004.12.22"]
[Round "1"]
[White "Mayer, Jean Marc"]
[Black "Rulkevich, Mike"]
[Result "1-0"]
[WhiteElo "1984"]
[BlackElo "1764"]
[PlyCount "37"]
[EventDate "2004.??.??"]
[EventType "tourn (corr)"]
[EventRounds "12"]
[SourceTitle "Corr 2024"]
[Source "ChessBase"]
[SourceDate "2023.10.19"]
[SourceVersion "1"]
[SourceVersionDate "2023.10.19"]
[SourceQuality "1"]

1. d4 d5 2. c4 c6 3. Nc3 e6 4. Nf3 dxc4 5. a4 Bd6 6. e4 Bb4 7. Bxc4 Nf6 8. 0-0 Bxc3 9. bxc3 Nxe4 10. Ne5 0-0 11. Ba3 Re8 12. Qf3 Ng5 13. Qh5 f6 14. f4 fxe5 15. fxg5 Qd7 16. Bd3 g6 17. Bxg6 hxg6 18. Qxg6+ Kh8 19. Rf3 1-0

[Event "CFriend AP-2004-Q-00023 email"]
[Site "Chessfriend.com"]
[Date "2004.12.22"]
[Round "1"]
[White "Rosenova, Daniela"]
[Black "Rulkevich, Mike"]
[Result "1-0"]
[WhiteElo "2086"]
[BlackElo "1764"]
[PlyCount "33"]
[EventDate "2004.??.??"]
[EventType "tourn (corr)"]
[EventRounds "12"]
[SourceTitle "Corr 2024"]
[Source "ChessBase"]
[SourceDate "2023.10.19"]
[SourceVersion "1"]
[SourceVersionDate "2023.10.19"]
[SourceQuality "1"]

1. Nf3 d5 2. d4 Nf6 3. c4 e6 4. Nc3 Bb4 5. Bg5 dxc4 6. e4 b5 7. a4 c6 8. e5 h6 9. exf6 hxg5 10. fxg7 Rg8 11. h4 gxh4 12. Rxh4 Qf6 13. g3 Bb7 14. Nd2 Qxg7 15. axb5 Bxc3 16. bxc3 cxb5 17. Qb1 1-0

[Event "CFriend AP-2004-Q-00023 email"]
[Site "Chessfriend.com"]
[Date "2004.12.22"]
[Round "1"]
[White "Rulkevich, Mike"]
[Black "Ben Jazia, Bessem"]
[Result "1/2-1/2"]
[WhiteElo "1764"]
[BlackElo "1930"]
[PlyCount "32"]
[EventDate "2004.??.??"]
[EventType "tourn (corr)"]
[EventRounds "12"]
[SourceTitle "Corr 2024"]
[Source "ChessBase"]
[SourceDate "2023.10.19"]
[SourceVersion "1"]
[SourceVersionDate "2023.10.19"]
[SourceQuality "1"]

1. e4 c5 2. Nf3 Nc6 3. Bb5 Nf6 4. Nc3 a6 5. Bxc6 dxc6 6. 0-0 g6 7. e5 Nd5 8. Ne4 c4 9. Qe2 b5 10. d3 cxd3 11. cxd3 Bg7 12. d4 0-0 13. Nc5 Bf5 14. Bd2 Nc7 15. Ba5 Qc8 16. Bxc7 Qxc7 1/2-1/2

[Event "IECG QB.2004.0.00060"]
[Site "IECG email"]
[Date "2004.11.01"]
[Round "?"]
[White "Rulkevich, Mike"]
[Black "Kolus, Wojciech"]
[Result "0-1"]
[WhiteElo "1820"]
[BlackElo "1850"]
[PlyCount "58"]
[EventDate "2004.11.01"]
[EventType "tourn (corr)"]
[EventRounds "6"]
[SourceTitle "Corr 2008"]
[Source "ChessBase"]
[SourceDate "2008.06.24"]
[SourceVersion "1"]
[SourceVersionDate "2008.06.24"]
[SourceQuality "1"]

1. e4 c5 2. Nf3 Nc6 3. d4 cxd4 4. Nxd4 g6 5. Nxc6 bxc6 6. Bc4 Bg7 7. 0-0 Qc7 8. Qf3 Nf6 9. Bf4 Qa5 10. e5 Nd5 11. Bxd5 Qxd5 12. Qxd5 cxd5 13. Nc3 Ba6 14. Rfd1 e6 15. Rd4 d6 16. Re1 Kd7 17. Ra4 Bb7 18. exd6 Bc6 19. Ra3 Rhb8 20. Rb3 d4 21. Ne2 Bd5 22. Rh3 h5 23. c3 Rxb2 24. cxd4 Bc4 25. Re3 Rxa2 26. Nc3 Rc2 27. Rd1 a5 28. Be5 f6 29. Bg3 Bh6 0-1

[Event "IECG QB.2004.0.00060"]
[Site "IECG email"]
[Date "2004.11.01"]
[Round "?"]
[White "Shernoff, Leon"]
[Black "Rulkevich, Mike"]
[Result "1-0"]
[WhiteElo "1804"]
[BlackElo "1820"]
[PlyCount "39"]
[EventDate "2004.11.01"]
[EventType "tourn (corr)"]
[EventRounds "6"]
[SourceTitle "Corr 2008"]
[Source "ChessBase"]
[SourceDate "2008.06.24"]
[SourceVersion "1"]
[SourceVersionDate "2008.06.24"]
[SourceQuality "1"]

1. e4 e5 2. Nf3 Nc6 3. Nc3 Nf6 4. Bb5 Nd4 5. Ba4 c6 6. Nxe5 Qe7 7. Nd3 b5 8. Bb3 b4 9. Ne2 Qxe4 10. Ndf4 g5 11. d3 Qe5 12. Nh3 h6 13. f4 gxf4 14. Bxf4 Qe7 15. c3 bxc3 16. bxc3 Nxb3 17. axb3 Nd5 18. 0-0 Bg7 19. Re1 0-0 20. Bd2 1-0